| 000 | 01009cam a2200241 4500 | ||
|---|---|---|---|
| 001 | WB4003-02 | ||
| 008 | 040119n2004 000 0 eng u | ||
| 035 | _a(Sirsi) u124870 | ||
| 245 | _aCompanies in bid for Iraq contracts | ||
| 260 | _c2004 | ||
| 490 |
_aUK Trade and Investment Press Release _v(PN2004/01/007) 16 January 2004 (3) |
||
| 520 | _aThe Prime Minister's Special Representative for Trade and Reconstruction, will lead a delegation of about 100 British companies, at Rebuild Iraq exhibition at Mishref, Kuwait, from 19-23 January 2004. The exhibition is the largest in the Middle East focused on the reconstruction of Iraq. http://www.gnn.gov.uk/gnn/national.nsf/Daily+News/ DB724799226A87EE80256E1D0060B4BF?opendocument. | ||
| 590 | _aWB | ||
| 590 | _aWB | ||
| 650 | _aIRAQ | ||
| 650 | _aRECONSTRUCTION | ||
| 650 | _aBRITISH COMPANIES | ||
| 650 | _aMIDDLE EAST | ||
| 650 | _aEXHIBITIONS | ||
| 650 | _aCONSTRUCTION INDUSTRY | ||
| 690 | _aBUILDING AND CONSTRUCTION | ||
| 942 | _n0 | ||
| 999 |
_c116948 _d116948 |
||